000 00802nam a2200265Ia 4500
008 160803s9999 xx 000 0 und d
020 _a0 439429366
100 _aWhite, Nancy
245 _aButterfly battle /
245 _c[written by Nancy White ; illustrations by Hope Gangloff].
260 _aNew York :
260 _bScholastic Inc.
260 _c2003
300 _a76 pages :
300 _billustrations ;
300 _c20 cm.
440 _aThe Magic school bus : a science chapter book ;
440 _v#16
500 _a"Based on The Magic School Bus books written by Joanna Cole and illustrated by Bruce Degen."--Title page verso.
650 _aButterflies --
650 _aSchool --
650 _xJuvenile fiction.
650 _xJuvenile fiction.
700 _a630
999 _c298728
_d298728